000 00333nam a2200145Ia 4500
100 _aBennett/ E.D./ Brandt/ F.S.
490 _v1
942 _cRB
654 _aAdministrative policy
245 _aAdministrative policy
260 _bCharchs E Merill pub. co.
_aOhio
_c1974
082 _a658.4
300 _a766
546 _aENGLISH
999 _c22732
_d22732